[Event "ICS Rated blitz match"]
[Site "207.99.83.227"]
[Date "1999.04.21"]
[Round "?"]
[White "JudgeTurpin"]
[Black "Hossa"]
[Result "0-1"]
[WhiteElo "2530"]
[BlackElo "2467"]
[PlyCount "114"]

1. e4 e5 2. Nf3 Nf6 3. Nc3 Bb4 4. Bc4 d6 5. O-O Be6 6. Bxe6 fxe6 7. d3 O-O 8.
Be3 Bxc3 9. bxc3 Qe7 10. Rb1 b6 11. h3 Nc6 12. Kh1 d5 13. a4 Qa3 14. Qd2 dxe4
15. Ng5 exd3 16. cxd3 Qxa4 17. Nxe6 Rf7 18. Ra1 Qb3 19. Ng5 Rff8 20. Rfb1 Qd5
21. Rd1 Rad8 22. c4 Qd7 23. Qe2 a5 24. Qc2 Kh8 25. Nf3 Nh5 26. h4 Rxf3 27. Qb3
Nf4 28. Kg1 Qg4 29. Bxf4 Rxf4 30. Qb2 Nd4 31. Kf1 Qxh4 32. Kg1 Rg4 33. Rab1
Nf3+ 34. Kf1 Qh1+ 35. Ke2 Qxg2 36. Ke3 Nd4 37. Kd2 Rf4 38. Kc3 b5 39. cxb5 Rxf2
40. Qxf2 Qxf2 41. Rb2 Ne2+ 42. Rxe2 Qxe2 43. Rd2 Qxd2+ 44. Kxd2 e4 45. d4 Rxd4+
46. Ke3 Rb4 47. Kd2 Rxb5 48. Ke3 a4 49. Kxe4 a3 50. Kd4 a2 51. Kc4 Re5 52. Kd3
a1=Q 53. Kc4 Re4+ 54. Kd3 Qd4+ 55. Kc2 Re2+ 56. Kb3 Rb2+ 57. Ka3 57... Qb4# {
JudgeTurpin checkmated} 0-1

[Event "ICS Rated blitz match"]
[Site "207.99.83.227"]
[Date "1999.04.21"]
[Round "?"]
[White "Hossa"]
[Black "JudgeTurpin"]
[Result "0-1"]
[WhiteElo "2486"]
[BlackElo "2511"]
[Annotator "Crafty v16.6"]
[PlyCount "151"]

{annotating for player Hossa using a scoring margin of +0.10 pawns. search
time limit is 10.00} 1. d4 1... d5 2. Bf4 e6 3. e3 Bd6 4. Qg4 Qf6 5. Bxd6 cxd6
6. Qg3 e5 7. dxe5 dxe5 8. Nc3 Ne7 9. O-O-O Be6 10. Nb5 ({7:-0.23} 10. Nb5 10...
O-O 11. Nf3 Nbc6 12. Qg5 Qxg5 13. Nxg5 13... Rac8 $10) ({8:+0.89} 10. e4 10...
d4 11. Nb5 O-O 12. Nc7 Nbc6 13. Nxa8 13... Rxa8 $16) 10... Nf5 11. Qh3 ({
8:+0.22} 11. Qh3 11... Na6 12. e4 dxe4 13. g4 Nd4 14. Nd6+ Kf8 15. Bxa6 bxa6
16. Nxe4 $10) ({8:+0.65} 11. Qf3 11... Qe7 12. Nc3 e4 13. Qf4 g5 14. Bb5+ Nc6
15. Qe5 $14) 11... Qe7 12. Nc3 ({8:-0.37} 12. Nc3 12... d4 13. exd4 exd4 14.
Nb5 O-O 15. Bd3 Nh4 16. Qg3 $15) ({8:-0.19} 12. Bd3 12... e4 13. g4 Nh4 14. Qg3
O-O 15. Nc7 Bxg4 16. Nxd5 $10) 12... d4 13. exd4 exd4 14. Nb5 a6 15. Qa3 Nc6
16. Qxe7+ Kxe7 17. Nc7 Rac8 18. Nxe6 fxe6 19. Bd3 Nb4 20. Nf3 Rhf8 21. Rhe1
Nxa2+ 22. Kb1 Nb4 23. Be4 Nc6 24. Ng5 Nd8 25. Nxh7 Rf7 26. Ng5 Rf6 27. Re2 Rc4
28. Nf3 Nd6 29. Bd5 Rc5 30. Rxd4 Rg6 31. Ne5 Rh6 32. Ng4 Rh5 33. Bf3 N8f7 34.
Red2 Rc4 35. Rxc4 Nxc4 36. Rd4 b5 37. Be2 Nfd6 38. Bxc4 Nxc4 39. b3 Ne5 40. c3
Nxg4 41. Rxg4 Kf6 42. h4 Re5 43. Rf4+ Rf5 44. Rxf5+ exf5 45. Kc2 a5 46. f4 Ke6
47. Kd3 Kd5 48. h5 Kc5 49. g3 Kd5 50. Kc2 Kc5 51. Kd2 Kd5 52. Kd3 Kc5 53. Kc2
Kd5 54. Kb2 Ke4 55. c4 bxc4 56. bxc4 Kd4 57. Kb3 Kc5 58. Kc3 a4 59. Kd3 Kb4 60.
c5 Kxc5 61. Kc3 Kd5 62. Kd3 a3 63. Kc3 Ke4 64. Kb3 Kf3 65. g4 Kxg4 66. Ka2 Kxh5
67. Kb3 Kg4 68. Kb4 a2 69. Kc5 Kxf4 70. Kd5 g5 71. Kc4 g4 72. Kc5 a1=Q 73. Kd5
Qa5+ 74. Kd4 Qb4+ 75. Kd5 g3 76. Ke6 0-1

[Event "ICS Rated blitz match"]
[Site "207.99.83.227"]
[Date "1999.04.21"]
[Round "?"]
[White "Hossa"]
[Black "supernerd"]
[Result "0-1"]
[WhiteElo "2471"]
[BlackElo "2250"]
[Annotator "Crafty v16.6"]
[PlyCount "107"]

{annotating for player Hossa using a scoring margin of +0.10 pawns. search
time limit is 10.00} 1. d4 1... Nf6 2. e3 g6 3. Nf3 Bg7 4. Bd3 O-O 5. e4 c5 6.
dxc5 Qa5+ 7. Nc3 Qxc5 8. O-O d6 9. Be3 Qa5 10. Qd2 Nc6 11. Bh6 Bxh6 12. Qxh6
Qh5 13. Qxh5 Nxh5 14. Nd5 e6 15. Nc7 Rb8 16. Rad1 a6 17. Bc4 b5 18. Bb3 Rd8 19.
e5 d5 20. Nd4 Nxd4 21. Rxd4 Ng7 22. Rd3 b4 23. c4 Rd7 24. Nxd5 exd5 25. cxd5
Bb7 26. d6 Ne6 27. Bxe6 fxe6 28. f4 Bd5 29. b3 Rc8 30. Rd2 Kf8 31. h4 Ke8 32.
Rff2 Rdd8 33. Rd4 a5 34. Rdd2 Kd7 35. Kh2 Rc3 36. Rf1 Rdc8 37. Rfd1 Rc2 38.
Rxc2 Rxc2 39. Rxd5 exd5 40. Kg3 Rxa2 41. h5 Rb2 42. hxg6 hxg6 43. Kg4 Rxg2+ 44.
Kf3 Rb2 45. Kg4 Rxb3 46. f5 gxf5+ 47. Kg5 a4 48. Kf6 Re3 49. Kxf5 a3 50. Kf4
Re1 51. Kf5 a2 52. Kf4 a1=Q 53. e6+ Kxe6 54. d7 0-1

[Event "ICS Rated blitz match"]
[Site "207.99.83.227"]
[Date "1999.04.21"]
[Round "?"]
[White "rajah"]
[Black "Hossa"]
[Result "0-1"]
[WhiteElo "2366"]
[BlackElo "2446"]
[PlyCount "166"]

1. d4 Nf6 2. c4 e6 3. Nf3 d5 4. Nc3 Bb4 5. cxd5 exd5 6. e3 Bg4 7. Qa4+ Nc6 8.
Ba6 Bd7 9. Bxb7 Nxd4 10. Qd1 Nxf3+ 11. gxf3 Rb8 12. Bxd5 O-O 13. e4 Be6 14.
Bxe6 Qxd1+ 15. Kxd1 fxe6 16. Ne2 Ba5 17. Kc2 Rb5 18. Be3 c5 19. Rac1 Rfb8 20.
b3 c4 21. Nd4 cxb3+ 22. Kb2 R5b7 23. Nc6 bxa2+ 24. Kxa2 Rb2+ 25. Ka1 R8b5 26.
Nxa5 R2b4 27. Rc8+ Kf7 28. Rc7+ Kg8 29. Nb3 Rxb3 30. Rxa7 Rb7 31. Rxb7 Rxb7 32.
Rc1 e5 33. Rc4 Re7 34. h4 Kf7 35. Rb4 Nh5 36. Ra4 Rc7 37. Ra6 Rd7 38. Ka2 Rc7
39. Rb6 Rd7 40. Rc6 Rd8 41. Ka1 Nf6 42. Rc7+ Kg6 43. Rb7 Rf8 44. Re7 Kh5 45.
Rxe5+ Kxh4 46. Ra5 Kh3 47. e5 Ne8 48. Ra8 Rg8 49. e6 h5 50. e7 Kh2 51. Ra4 Kg1
52. Rh4 Nf6 53. Rh3 Kf1 54. Bd4 Re8 55. Bc5 Rc8 56. Rh1+ Kg2 57. Rc1 h4 58. Ba3
Rxc1+ 59. Bxc1 h3 60. Bf4 h2 61. Bxh2 Kxh2 62. f4 g6 63. Ka2 Kg2 64. Kb3 Kxf2
65. Kc4 Ke3 66. Kc5 Kxf4 67. Kd6 Kf5 68. Kc6 Ke6 69. Kc5 g5 70. Kd4 Kxe7 71.
Ke5 g4 72. Kf4 Ke6 73. Ke3 Kf5 74. Ke2 Kf4 75. Kf2 g3+ 76. Kg2 Ng4 77. Kf1 Ne3+
78. Ke2 g2 79. Kf2 Ke4 80. Kg1 Kf3 81. Kh2 Kf2 82. Kh3 g1=Q 83. Kh4 83... Qg4#
{rajah checkmated} 0-1

[Event "ICS rated blitz match"]
[Site "207.99.83.227"]
[Date "1999.04.21"]
[Round "?"]
[White "Hossa"]
[Black "rajah"]
[Result "0-1"]
[WhiteElo "2458"]
[BlackElo "2354"]
[Annotator "Crafty v16.6"]
[PlyCount "67"]

{annotating for player Hossa using a scoring margin of +0.10 pawns. search
time limit is 10.00} 1. e4 1... d5 2. exd5 Nf6 3. Bb5+ ({9:+0.51} 3. Bb5+ 3...
Bd7 4. Bc4 b5 5. Bb3 Na6 6. Nf3 Nc5 7. Nc3 Nxb3 8. axb3 $14) ({9:+0.63} 3. c4
3... c6 4. dxc6 Nxc6 5. Nf3 Nd4 6. Nxd4 Qxd4 7. Be2 Be6 8. Na3 $14) 3... Bd7 4.
Bc4 Bg4 5. f3 Bf5 6. Nc3 ({9:+0.57} 6. Nc3 6... Nbd7 7. Qe2 Nb6 8. Bb3 Qd6 9.
g4 Bd7 10. Nb5 $14) ({9:+0.78} 6. g4 6... Bc8 7. Nc3 Nbd7 8. g5 Nh5 9. Bb5 Nf4
10. Nge2 $16) 6... Nbd7 7. d3 ({8:+0.43} 7. d3 7... Nb6 8. Bf4 Nbxd5 9. Nxd5
Nxd5 10. Bxd5 Qxd5 11. Bxc7 11... Qd4 $14) ({8:+0.57} 7. Qe2 7... Nb6 8. g4 Bc8
9. Qd3 Nxc4 10. Qxc4 e5 11. Nge2 $14) 7... Nb6 8. g4 Bc8 9. Bd2 h5 10. Qe2 ({
7:-0.25} 10. Qe2 10... hxg4 11. O-O-O gxf3 12. Nxf3 Nbxd5 13. Nxd5 Nxd5 14. Qe5
$10) ({7:+0.01} 10. gxh5 10... Nxh5 11. h4 Nxc4 12. dxc4 Ng3 13. Rh2 Bf5 14.
Nge2 $10) 10... hxg4 11. O-O-O gxf3 12. Nxf3 Nfxd5 13. Nxd5 Nxd5 14. Ne5 c6 15.
Rhf1 f6 16. Ng6 Rh7 17. Rde1 Qd6 18. Bxd5 cxd5 19. Bf4 Qd8 20. d4 Bf5 21. Nxf8
Kxf8 22. Qf3 Rh3 23. Qg2 Rc8 24. c3 Qb6 25. Kd1 Rd3+ 26. Bd2 Qxb2 27. Rxf5 Qb1+
28. Ke2 Rxd2+ 29. Kxd2 Qxa2+ 30. Kd1 Qxg2 31. Re2 Qh3 32. Rff2 Qxc3 33. Rd2 Rc4
34. Rf4 0-1

[Event "ICS Rated blitz match"]
[Site "207.99.83.227"]
[Date "1999.04.21"]
[Round "?"]
[White "Hossa"]
[Black "supernerd"]
[Result "1/2-1/2"]
[WhiteElo "2437"]
[BlackElo "2256"]
[PlyCount "90"]

1. e4 c5 2. Bc4 Nc6 3. d3 e6 4. Nf3 d5 5. exd5 exd5 6. Bb3 Be7 7. O-O Nf6 8.
Re1 O-O 9. Bg5 h6 10. Bh4 Be6 11. Nc3 a6 12. Qe2 b5 13. Rad1 Qd7 14. Ne5 Nxe5
15. Qxe5 Rad8 16. Bg3 Rfe8 17. a4 b4 18. Ne2 Ng4 19. Qc7 Qxc7 20. Bxc7 Rc8 21.
Bg3 c4 22. dxc4 dxc4 23. Ba2 Bf6 24. h3 Ne5 25. Bxe5 Bxe5 26. Nd4 Bxd4 27. Rxd4
b3 28. cxb3 cxb3 29. Bb1 Red8 30. Rdd1 Kf8 31. Bd3 Rc6 32. Kf1 Rd4 33. a5 Ra4
34. Ra1 Rxa1 35. Rxa1 Bc4 36. Rd1 Bxd3+ 37. Rxd3 Rc1+ 38. Ke2 Rc2+ 39. Rd2 Rc5
40. Rd8+ Ke7 41. Rd3 Rc2+ 42. Rd2 Rc5 43. Rd3 Rc2+ 44. Rd2 Rc5 45. Rd3 45...
Rc2+ {Game drawn by repetition} 1/2-1/2

[Event "ICS Rated blitz match"]
[Site "207.99.83.227"]
[Date "1999.04.21"]
[Round "?"]
[White "rajah"]
[Black "Hossa"]
[Result "1-0"]
[WhiteElo "2375"]
[BlackElo "2429"]
[Annotator "Crafty v16.6"]
[PlyCount "94"]

{annotating for player Hossa using a scoring margin of +0.10 pawns. search
time limit is 10.00} 1. d4 1... Nf6 2. c4 e6 3. Nf3 d5 ({8:-0.04} 3... d5 4. e3
Be7 5. Be2 dxc4 6. O-O Qd5 7. Nc3 $10) ({8:+0.23} 3... Bb4+ 4. Bd2 Bxd2+ 5.
Nbxd2 O-O 6. e3 Qe7 7. Bd3 Qb4 8. Qb3 8... Qd6 $10) 4. Nc3 Bb4 5. cxd5 exd5 ({
8:-0.04} 5... exd5 6. Qa4+ Nc6 7. Ne5 Qd6 8. Nxc6 Bxc3+ 9. bxc3 Bd7 10. Ba3
Qxc6 11. Qxc6 11... Bxc6 $10) ({8:+0.35} 5... Nxd5 6. Qd3 O-O 7. Ng5 Nf6 8. Bf4
Nc6 9. Rd1 $15) 6. e3 Bg4 ({8:-0.10} 6... Bg4 7. Qa4+ Nc6 8. Bb5 Qd6 9. Bxc6+
bxc6 10. Ne5 O-O 11. Qxc6 Qxc6 12. Nxc6 $10) ({8:+0.09} 6... O-O 7. Bd3 Ne4 8.
Qc2 Bf5 9. O-O Re8 10. Ne5 $10) 7. Qa4+ Nc6 8. Ba6 Bd7 9. Bxb7 Nxd4 10. Qd1
Nxf3+ 11. gxf3 Rb8 12. Bxd5 O-O 13. e4 Be6 14. Bxe6 Qxd1+ 15. Kxd1 fxe6 16. Ne2
Ba5 17. Kc2 Rb5 18. Be3 c5 19. Rac1 Rfb8 20. b3 c4 21. Bxa7 cxb3+ 22. axb3 Rf8
23. Nd4 Re5 24. Rhd1 Bc7 25. Kb1 Ne8 26. b4 Rf7 27. h4 Nd6 28. Rxc7 Rxc7 29.
Bb8 Ne8 30. Bxc7 Nxc7 31. Nc6 Rh5 32. Rd8+ Kf7 33. Rd7+ Kg8 34. Rxc7 Rxh4 35.
b5 Rh1+ 36. Kc2 Rf1 37. b6 Rxf2+ 38. Kc1 Rf1+ 39. Kb2 Rf2+ 40. Ka3 Rxf3+ 41.
Ka4 Rf1 42. b7 Rb1 43. Nb4 h5 44. b8=Q+ Kh7 45. Qe8 Kh6 46. Qh8+ Kg5 47. Qxg7+
Kf4 1-0

[Event "ICS rated blitz match"]
[Site "207.99.83.227"]
[Date "1999.04.21"]
[Round "?"]
[White "Hossa"]
[Black "rajah"]
[Result "0-1"]
[WhiteElo "2411"]
[BlackElo "2393"]
[Annotator "Crafty v16.6"]
[PlyCount "81"]

{annotating for player Hossa using a scoring margin of +0.10 pawns. search
time limit is 10.00} 1. d4 1... Nf6 2. c4 c5 3. dxc5 Na6 4. Nc3 Nxc5 5. Nf3 e6
6. Bg5 ({8:-0.27} 6. Bg5 6... Be7 7. Qd4 Qb6 8. Nb5 O-O 9. Ne5 9... Nd5 $10) ({
8:-0.13} 6. g3 6... Nce4 7. Nxe4 Nxe4 8. Bg2 Bb4+ 9. Nd2 Nc5 10. O-O 10... O-O
$10) 6... Be7 7. e3 Qb6 8. Qc2 ({8:-0.25} 8. Qc2 8... h6 9. Bxf6 Bxf6 10. Be2
Bxc3+ 11. Qxc3 O-O 12. Qd2 Ne4 13. Qd4 Qxd4 14. Nxd4 $10) ({8:-0.07} 8. Rb1
8... h6 9. Bh4 O-O 10. Be2 g5 11. Bg3 11... Qb4 $10) 8... h6 9. Bh4 g5 10. Bg3
g4 11. Nd2 Nh5 12. Be2 ({9:-0.08} 12. Be2 12... Nxg3 13. hxg3 f5 14. Nb5 Bf6
15. Nb3 a6 16. Nxc5 Qxc5 17. Nc3 $10) ({9:+0.69} 12. Be5 12... Bf6 13. Bd4 Bxd4
14. exd4 Na6 15. c5 Qb4 16. Bxa6 bxa6 17. Nb3 $14) 12... Nxg3 13. hxg3 f5 14.
O-O-O Na6 15. Qd3 Nb4 16. Qb1 Bf6 17. a3 Bxc3 18. bxc3 Na6 19. Qxb6 axb6 20. e4
Nc5 21. exf5 exf5 22. Nb1 Ne4 23. Rdf1 Ra5 24. Bd3 d6 25. Bxe4 fxe4 26. Kb2 Re5
27. Rd1 O-O 28. Rxd6 Rxf2+ 29. Kb3 e3 30. Rg6+ Kf7 31. Rgxh6 e2 32. Rh7+ Ke8
33. Rh8+ Kd7 34. R1h7+ Re7 35. Rh1 e1=Q 36. Rxe1 Rxe1 37. Nd2 Rxd2 38. c5 bxc5
39. a4 Kc7 40. Rh6 Rb1+ 41. Kc4 0-1

[Event "ICS Rated blitz match"]
[Site "207.99.83.227"]
[Date "1999.04.21"]
[Round "?"]
[White "rajah"]
[Black "Hossa"]
[Result "1/2-1/2"]
[WhiteElo "2410"]
[BlackElo "2394"]
[PlyCount "217"]

1. e4 e5 2. Nf3 Nf6 3. Nxe5 d6 4. Nf3 Nxe4 5. d4 Be7 6. Bd3 Nf6 7. h3 O-O 8.
O-O Re8 9. Nc3 Nc6 10. Re1 Nb4 11. d5 c6 12. dxc6 bxc6 13. Bf4 Nxd3 14. Qxd3
Rb8 15. Rab1 Rb7 16. Ne2 Nd5 17. Nfd4 Bd7 18. c3 Qa5 19. Qc4 Nb6 20. Qb4 Qxa2
21. Bxd6 Bxd6 22. Qxd6 Nc4 23. Qg3 c5 24. Qf3 Rbb8 25. Ra1 Qxb2 26. Rxa7 cxd4
27. cxd4 Qd2 28. Rea1 Qxe2 29. Qxe2 Rxe2 30. Rxd7 g6 31. Rc7 Nd2 32. f3 Kg7 33.
d5 Rb5 34. d6 Rg5 35. g4 Nxf3+ 36. Kf1 Rge5 37. d7 Rd2 38. d8=Q Rxd8 39. Raa7
Ng5 40. Ra3 h5 41. gxh5 Rd1+ 42. Kf2 gxh5 43. Rg3 Rd2+ 44. Kf1 Rb5 45. Re7 Rh2
46. Kg1 Rxh3 47. Rxh3 Nxh3+ 48. Kg2 Ng5 49. Kg3 Rb3+ 50. Kf2 h4 51. Kg1 Rb2 52.
Kh1 h3 53. Ra7 Rf2 54. Re7 Rg2 55. Rxf7+ Kg6 56. Rf6+ Kh5 57. Rh6+ Kg4 58. Rh4+
Kf5 59. Rxh3 Rd2 60. Rh2 Rd1+ 61. Kg2 Kg4 62. Rh8 Rd2+ 63. Kf1 Kf4 64. Rf8+ Ke3
65. Re8+ Ne4 66. Ke1 Rb2 67. Kd1 Kd4 68. Rd8+ Ke5 69. Re8+ Kf5 70. Rf8+ Kg6 71.
Re8 Nf2+ 72. Ke1 Nd3+ 73. Kd1 Nf4 74. Rd8 Ne2 75. Rd2 Nc3+ 76. Kc1 Rb8 77. Kc2
Ne4 78. Rd5 Kf6 79. Kd3 Re8 80. Kd4 Ng5 81. Rb5 Ne6+ 82. Kd3 Nf4+ 83. Kd4 Re1
84. Rb6+ Kf5 85. Rb5+ Ke6 86. Rb6+ Ke7 87. Rb7+ Kd6 88. Rb6+ Kc7 89. Rf6 Rd1+
90. Ke4 Nd5 91. Ra6 Nc3+ 92. Ke3 Rd8 93. Ra3 Nd5+ 94. Ke4 Kd6 95. Ra6+ Kc5 96.
Ra5+ Kc4 97. Ra4+ Kb5 98. Ra7 Kb6 99. Ra3 Rd7 100. Ke5 Kc6 101. Ra5 Rd8 102.
Ra6+ Kc5 103. Ra5+ Kc4 104. Ra6 Re8+ 105. Re6 Rc8 106. Ra6 Rc7 107. Ra4+ Nb4
108. Ke6 Rg7 109. Ke5 {Game drawn by the 50 move rule} 1/2-1/2

[Event "ICS Rated blitz match"]
[Site "207.99.83.227"]
[Date "1999.04.21"]
[Round "?"]
[White "matar"]
[Black "Hossa"]
[Result "0-1"]
[WhiteElo "2316"]
[BlackElo "2408"]
[PlyCount "60"]

1. e4 e5 2. Nf3 Nf6 3. Nc3 Bb4 4. Bc4 d6 5. d3 Be6 6. Bb3 O-O 7. h3 c5 8. O-O
c4 9. Bxc4 Bxc4 10. dxc4 Bxc3 11. bxc3 Nxe4 12. Qd5 Nxc3 13. Qxb7 Nd7 14. Bd2
Nc5 15. Qb4 Ne2+ 16. Kh1 e4 17. Nh2 Qf6 18. Be3 Qc3 19. Bxc5 dxc5 20. Qxc5 Qxc2
21. Qe3 Qxc4 22. Rfe1 Nc3 23. Rac1 Rac8 24. Ng4 Rc5 25. Rc2 Rfc8 26. Rec1 Qd3
27. Qf4 R8c7 28. Rd2 Ne2 29. Rxc5 Qb1+ 30. Kh2 30... Qg1# {matar checkmated}
0-1

[Event "ICS Rated blitz match"]
[Site "207.99.83.227"]
[Date "1999.04.21"]
[Round "?"]
[White "Hossa"]
[Black "rajah"]
[Result "0-1"]
[WhiteElo "2420"]
[BlackElo "2409"]
[Annotator "Crafty v16.6"]
[PlyCount "134"]

{annotating for player Hossa using a scoring margin of +0.10 pawns. search
time limit is 10.00} 1. e4 1... e5 2. Nf3 Nf6 3. Nxe5 d6 4. Nf3 Nxe4 5. d4 ({
8:+0.02} 5. d4 5... d5 6. Nbd2 Be7 7. Bd3 Bf5 8. O-O O-O 9. Nxe4 9... dxe4 $10)
({8:+0.77} 5. Bb5+ $16) 5... d5 6. Nbd2 Nd7 7. Bd3 Nd6 8. O-O Be7 9. Re1 O-O
10. c4 ({8:+0.00} 10. c4 10... dxc4 11. Nxc4 Nxc4 12. Bxc4 Nb6 13. Bb5 c6 14.
Qe2 14... Re8 $10) ({8:+0.19} 10. Ne5 10... Nf6 11. Qf3 Re8 12. Qf4 Nh5 13. Qf3
13... Nf6 $10) 10... dxc4 11. Nxc4 Nf6 12. Bg5 ({7:+0.19} 12. Bg5 12... Re8 13.
Rc1 Nd5 14. Bxe7 Rxe7 15. Rxe7 Qxe7 16. Nfe5 Nxc4 17. Bxc4 $10) ({7:+0.31} 12.
Nce5 12... Be6 13. Qc2 Re8 14. Ng5 Bd5 15. Bxh7+ 15... Kh8 $14) 12... Be6 13.
Rc1 Re8 14. Nxd6 Qxd6 15. Qc2 c6 16. Bxf6 Bxf6 17. Bxh7+ Kf8 18. a3 g6 19. Bxg6
fxg6 20. Qxg6 Qf4 21. Ne5 Bg7 22. Rcd1 Rad8 23. Re4 Qf5 24. Rde1 Bxe5 25. Qxf5+
Bxf5 26. Rxe5 Bg6 27. Rxe8+ Bxe8 28. Rd1 Bf7 29. b4 b6 30. f4 c5 31. bxc5 bxc5
32. Rc1 cxd4 33. Rc2 d3 34. Rd2 Bc4 35. f5 Re8 36. Kf2 Re4 37. g3 a5 38. h3 Ke7
39. g4 Kd8 40. Rb2 Kc8 41. Rd2 a4 42. Rb2 Ba6 43. Rb1 Re2+ 44. Kf3 Bb7+ 45. Kf4
d2 46. f6 Bd5 47. Rd1 Kd8 48. h4 Bb3 49. Rxd2+ Rxd2 50. g5 Bf7 51. Kf5 Rf2+ 52.
Kg4 Re2 53. Kf4 Bg6 54. Kg4 Rd2 55. Kg3 Rd3+ 56. Kg2 Rxa3 57. Kf2 Ra2+ 58. Kg3
a3 59. h5 Bxh5 60. Kh4 Rf2 61. Kg3 Rf1 62. Kh3 a2 63. f7 a1=Q 64. g6 Rh1+ 65.
Kg3 Qe5+ 66. Kf2 Qf4+ 67. Kg2 Qf3# 0-1

[Event "ICS Rated blitz match"]
[Site "207.99.83.227"]
[Date "1999.04.21"]
[Round "?"]
[White "Data"]
[Black "Hossa"]
[Result "1-0"]
[WhiteElo "2821"]
[BlackElo "2403"]
[Annotator "Crafty v16.6"]
[PlyCount "106"]

{annotating for player Hossa using a scoring margin of +0.10 pawns. search
time limit is 10.00} 1. e4 1... c5 2. Nf3 Nc6 3. Bb5 a6 4. Bxc6 dxc6 5. b3 Bg4
6. O-O e5 7. h3 Bxf3 ({9:-0.74} 7... Bxf3 8. Qxf3 Nf6 9. d3 Bd6 10. Bg5 h6 11.
Bxf6 Qxf6 12. Qxf6 gxf6 13. Nc3 $16) ({9:-0.32} 7... Bh5 8. Bb2 f6 9. Ba3 Nh6
10. Qe2 Bd6 11. Qe3 11... Qd7 $14) 8. Qxf3 Ne7 9. Nc3 Qd4 ({9:-0.75} 9... Qd4
10. Rd1 Ng6 11. Bb2 Be7 12. Na4 Qd6 13. Nb6 13... Rd8 $16) ({9:-0.55} 9... Ng6
10. d3 Be7 11. Ne2 Qd6 12. Bb2 O-O 13. c4 13... Rad8 $14) 10. Rd1 Rd8 11. Bb2
Ng6 ({9:-0.98} 11... Ng6 12. Na4 Qd7 13. Qe3 Bd6 14. Nxc5 Qe7 15. d4 15... O-O
$16) ({9:-0.84} 11... Qd6 12. Ba3 b5 13. Ne2 Ng6 14. Ng3 Be7 15. Nf5 15... Qf6
$16) 12. Na4 Qb4 ({9:-1.10} 12... Qb4 13. c4 b5 14. cxb5 axb5 15. a3 Qa5 16.
Nc3 Nf4 17. Rac1 $16) ({9:-0.98} 12... Qd7 13. Ba3 Bd6 14. Bxc5 O-O 15. Bb6
Rde8 16. Nc5 16... Qe7 $16) 13. Bc3 Qb5 14. Nb2 Be7 15. Nc4 a5 16. Bxa5 Rd7 17.
Bc3 Bf6 18. Qf5 Ne7 19. Qh5 O-O 20. a4 Qa6 21. Nxe5 Rdd8 22. Rab1 Qa7 23. Nf3
Bd4 24. e5 Rde8 25. Bxd4 cxd4 26. e6 h6 27. Re1 Ra8 28. Re4 fxe6 29. Rxe6 Nd5
30. Qe5 d3 31. cxd3 Qa6 32. Rg6 Rf7 33. Qe4 Raf8 34. Rd6 Re7 35. Re6 Ref7 36.
Re8 Rxe8 37. Qxe8+ Rf8 38. Qe6+ Kh8 39. Ne5 Nf4 40. Qe7 Kg8 41. Nd7 Rf5 42. Nc5
Qb6 43. b4 Rg5 44. Qe8+ Kh7 45. Qe4+ Ng6 46. d4 Qc7 47. Ne6 Qe7 48. Nxg5+ Qxg5
49. b5 Qxd2 50. bxc6 bxc6 51. Rb6 Qf4 52. Qc2 Qxd4 53. Rxc6 Qa1+ 1-0

[Event "ICS Rated blitz match"]
[Site "207.99.83.227"]
[Date "1999.04.21"]
[Round "?"]
[White "Hossa"]
[Black "rajah"]
[Result "1-0"]
[WhiteElo "2400"]
[BlackElo "2426"]
[PlyCount "65"]

1. e4 e6 2. Nf3 d5 3. exd5 exd5 4. Bb5+ c6 5. Be2 Nf6 6. O-O Bd6 7. d4 O-O 8.
Re1 Bf5 9. Bg5 Nbd7 10. Bd3 Be4 11. Bxe4 dxe4 12. Nfd2 Qc7 13. h3 Qb6 14. Nc3
Qxb2 15. Ndxe4 Nxe4 16. Nxe4 Bc7 17. Rb1 Qxa2 18. Rxb7 Rac8 19. Be7 Rfe8 20.
Bc5 a5 21. Nd6 Bxd6 22. Bxd6 Rxe1+ 23. Qxe1 Nf6 24. Be5 Nd5 25. Qd1 Rf8 26. h4
a4 27. Qg4 g6 28. Qg5 Qa1+ 29. Kh2 a3 30. Qh6 Nf6 31. Bxf6 Qh1+ 32. Kxh1 a2 33.
Qg7# {rajah checkmated} 1-0

[Event "ICS Rated blitz match"]
[Site "207.99.83.227"]
[Date "1999.04.21"]
[Round "?"]
[White "Hossa"]
[Black "rajah"]
[Result "0-1"]
[WhiteElo "2433"]
[BlackElo "2393"]
[Annotator "Crafty v16.6"]
[PlyCount "81"]

{annotating for player Hossa using a scoring margin of +0.10 pawns. search
time limit is 10.00} 1. e4 1... c6 2. Nf3 d5 3. exd5 cxd5 4. d4 ({8:+0.35} 4.
d4 4... e6 5. Ne5 Bd7 6. Nc3 Nf6 7. Nxd7 Nbxd7 8. Bb5 $14) ({8:+0.61} 4. Bb5+
4... Bd7 5. Bxd7+ Nxd7 6. O-O Ngf6 7. Nc3 e6 8. Qe2 Bc5 9. Qb5 $14) 4... Nf6 5.
Bf4 ({8:-0.24} 5. Bf4 5... Qb6 6. Bc1 Bg4 7. Nbd2 Nc6 8. h3 8... Bf5 $10) ({
8:+0.47} 5. Bb5+ 5... Bd7 6. Bxd7+ Nbxd7 7. O-O e6 8. Qe2 Bd6 9. Qb5 O-O 10.
Qxb7 $14) 5... Qb6 6. b3 Nc6 7. Bd3 Bg4 8. c3 Ne4 9. O-O O-O-O 10. Re1 ({
8:+0.41} 10. Re1 10... e5 11. Be3 exd4 12. cxd4 Bb4 13. Rf1 Rhe8 14. Qe2 $14) (
{8:+0.77} 10. Be2 10... Na5 11. Ng5 Bxe2 12. Qxe2 Nxg5 13. Bxg5 Qe6 14. Qb5
14... Nc6 $16) 10... e5 11. Be3 exd4 12. cxd4 Bb4 13. Rf1 f5 14. a3 Be7 15. Re1
Bf6 16. Be2 Bxf3 17. gxf3 Ng5 18. Bd3 g6 19. f4 Nh3+ 20. Kh1 Rde8 21. Qc2 Bxd4
22. Nc3 Bxe3 23. fxe3 Rxe3 24. Nxd5 Rxe1+ 25. Rxe1 Qd4 26. Nb4 Kd8 27. Nxc6+
bxc6 28. Bc4 Re8 29. Rf1 Re4 30. Kg2 Nxf4+ 31. Kh1 Kc7 32. a4 a5 33. Rc1 Re2
34. Qxe2 Nxe2 35. Bxe2 Qe4+ 36. Kg1 Qe3+ 37. Kf1 Qxc1+ 38. Kf2 Qc2 39. h3 Qxb3
40. Bf3 Qxa4 41. Kg3 0-1

[Event "ICS Rated blitz match"]
[Site "207.99.83.227"]
[Date "1999.04.21"]
[Round "?"]
[White "rajah"]
[Black "Hossa"]
[Result "0-1"]
[WhiteElo "2411"]
[BlackElo "2415"]
[PlyCount "92"]

1. d4 Nf6 2. c4 e6 3. Nf3 d5 4. Nc3 Bb4 5. cxd5 Nxd5 6. Bd2 O-O 7. Nxd5 Bxd2+
8. Qxd2 exd5 9. e3 Bg4 10. Be2 Qd6 11. O-O Nc6 12. Rfc1 Qe7 13. Ba6 Bxf3 14.
Bxb7 Qg5 15. g3 Qg4 16. Qe1 Nb4 17. Bxa8 Nd3 18. Qf1 Nxc1 19. Rxc1 Rxa8 20.
Rxc7 Be4 21. Qc1 Re8 22. Qe1 a6 23. Rc6 a5 24. Rc5 Qf3 25. Kf1 Bf5 26. Kg1 Bh3
27. Qf1 Bxf1 28. Kxf1 a4 29. Kg1 Qf5 30. Rc1 Rb8 31. b3 axb3 32. axb3 Rxb3 33.
Ra1 Rb1+ 34. Rxb1 Qxb1+ 35. Kg2 f5 36. h4 h5 37. Kf3 Qf1 38. Kf4 Qxf2+ 39. Ke5
Qxe3+ 40. Kxd5 Qxg3 41. Kc5 Qc3+ 42. Kd5 g6 43. Ke5 Kf7 44. Kd5 Ke7 45. Ke5 Qf3
46. d5 46... Qe4# {rajah checkmated} 0-1

[Event "ICS Rated blitz match"]
[Site "207.99.83.227"]
[Date "1999.04.21"]
[Round "?"]
[White "Hossa"]
[Black "rajah"]
[Result "0-1"]
[WhiteElo "2431"]
[BlackElo "2395"]
[Annotator "Crafty v16.6"]
[PlyCount "66"]

{annotating for player Hossa using a scoring margin of +0.10 pawns. search
time limit is 10.00} 1. e4 1... d5 2. exd5 Qxd5 3. Nc3 Qa5 4. Nf3 Nc6 5. d4 ({
9:+0.27} 5. d4 5... Nb4 6. Bd3 Bg4 7. O-O O-O-O 8. Bb5 Nd5 9. Nxd5 9... Qxb5
$10) ({9:+0.69} 5. Bb5 5... Bd7 6. O-O O-O-O 7. Re1 Nf6 8. Qe2 Qb4 9. Ne5 $14)
5... Bd7 6. d5 Nb4 7. Ne5 Nf6 8. Nxd7 ({8:+0.69} 8. Nxd7 8... Nxd7 9. a3 c6 10.
dxc6 bxc6 11. Bd2 Nd5 12. Bc4 12... Qc5 $14) ({8:+1.56} 8. a3 8... Nbxd5 9.
Nxd7 O-O-O 10. Nxf6 exf6 11. Bd2 Nxc3 12. Qg4+ Kb8 13. Bxc3 $18) 8... Nxd7 9.
Be3 ({8:+0.48} 9. Be3 9... e6 10. dxe6 fxe6 11. a3 Nd5 12. Qh5+ g6 13. Qg5
13... Bb4 $14) ({8:+0.69} 9. a3 9... e6 10. dxe6 fxe6 11. Bb5 O-O-O 12. O-O Nd5
13. Qd3 Nxc3 14. bxc3 $14) 9... Nf6 10. Bb5+ c6 11. dxc6 bxc6 12. Bc4 Rd8 13.
Qb1 Nbd5 14. Bd2 Nb6 15. Nd5 Qxd2+ 16. Kxd2 Nxc4+ 17. Ke1 Rxd5 18. Qc1 e5 19.
b3 Nd2 20. c3 Be7 21. c4 Bb4 22. Ke2 Rd4 23. f3 O-O 24. Qc2 e4 25. f4 Nh5 26.
g3 Rfd8 27. Qc1 Nf3 28. Qe3 Rd2+ 29. Kf1 R8d3 30. Qf2 Rxf2+ 31. Kxf2 Rd2+ 32.
Ke3 f5 33. Rad1 Bc5# 0-1